000 00284 a2200109 4500
001 51200
040 _cAnchieta - Pituba
240 1 0 _aDie Fetten Jahre Sind Vorbei
_l
245 1 0 _aDie Fetten Jahre Sind Vorbei
650 4 _aLínguas germânicas (teutônicas) língua alemã
942 _cMX
999 _c51200
_d51200